1441 1793 1386 1135 1186 1064 1724 1998 1425 1421 1287 1956 1753 1131 1886 1256 1404 1386 1129 1995 1902 1074 1217 1205 1502 1733 1964 1247 1704 1029 1830 1918 1335 1025 1825 1781 1078 1352 1927 1938 1184 1219 1359 1865 1846 1653 1180 1911 1874 1980 1955 1424 1616 1328 1334 1973 1936 1666 1658 1357 1424 1180 1580 1119 1025 1151 1860 1013 1352 1019 1606 1203 1183 1837 1398 1346 1204 1426 1616 1238 1644 1622 1966 1981 1977 1003 1992 1125 1075 1016 1155 1296 1888 1143 1268 1146 1772 1417 1404 BCNSPRNW ULIB Ver.6.0+V

เปลี่ยนเป็นภาษาไทย

Change to English
 แสดงรายละเอียดบรรณานุกรม
  กลับหน้าหลัก

Brief Record : Get Marc (ISO 2709) : E-mail record : QR code < ปิดหน้าต่าง
LEADER : 00000nam 2200000uu 4500
001    13399112101
003     ULIB
008    110726s2547||||th 000 0 tha d
020    9742130795
050  4 HA29^bส842ส 2547
100 0  สุมาลี จันทร์ชลอ
245 10 สถิติ /^cโดย สุมาลี จันทร์ชลอ
260    กรุงเทพฯ :^bศูนย์ส่งเสริมกรุงเทพฯ,^c2547
300    283 หน้า :^bภาพประกอบ ;^c27 ซม.
650  4 สถิติ
945    ^p200^l0^i021077
945    ^p200^l0^i021078
945    ^p200^l0^i021079
945    ^p200^l0^i021080
995    ทศพร
999 ^a ทศพร
รายการนี้ยังไม่มีแท็ก
คุณยังไม่ได้ล็อกอิน คุณสามารถมีกิจกรรมร่วมกับเว็บไซต์ได้ แต่ต้องล็อกอินก่อน ::
  ล็อกอิน

รายการสื่อสารสนเทศ

ลำดับที่ ประเภท เลขเรียก/บาร์โค้ด สถานที่ สถานะ
- ไม่พบข้อมูล -

รายการใกล้เคียง
    ผู้แต่ง [สุมาลี จันทร์ชลอ]

    หัวเรื่อง [สถิติ]

BibComment


ยังไม่เคยถูกคอมเมนท์

คอมเมนท์ทรัพยากรรายการนี้
  คอมเมนท์: สถิติ โดย สุมาลี..


 Copyright 2026. Bcnsprnw @Library